<?xml version="1.0" encoding="UTF-8"?>
<record
    xmlns:xsi="http://www.w3.org/2001/XMLSchema-instance"
    xsi:schemaLocation="http://www.loc.gov/MARC21/slim http://www.loc.gov/standards/marcxml/schema/MARC21slim.xsd"
    xmlns="http://www.loc.gov/MARC21/slim">

  <leader>01224nam a2200181Ia 4500</leader>
  <controlfield tag="008">220922s9999    xx            000 0 und d</controlfield>
  <datafield tag="020" ind1=" " ind2=" ">
    <subfield code="a">97808894697780889469776</subfield>
  </datafield>
  <datafield tag="041" ind1=" " ind2=" ">
    <subfield code="a">eng</subfield>
  </datafield>
  <datafield tag="050" ind1=" " ind2=" ">
    <subfield code="a">B765.A82 </subfield>
    <subfield code="b">.E54 1974-1976</subfield>
  </datafield>
  <datafield tag="100" ind1=" " ind2=" ">
    <subfield code="a">Anselm Saint, Archbishop of Canterbury</subfield>
  </datafield>
  <datafield tag="245" ind1=" " ind2="0">
    <subfield code="a">Anselm of Canterbury</subfield>
    <subfield code="b">/</subfield>
    <subfield code="c">Anselm, Saint Archbishop of Canterbury; edited by Jasper Hopkins</subfield>
  </datafield>
  <datafield tag="260" ind1=" " ind2=" ">
    <subfield code="a">Toronto : </subfield>
    <subfield code="b">Edward Mellen, </subfield>
    <subfield code="c">1974-1976</subfield>
  </datafield>
  <datafield tag="300" ind1=" " ind2=" ">
    <subfield code="a">4 v.</subfield>
    <subfield code="b">; </subfield>
    <subfield code="c">22 cm.</subfield>
  </datafield>
  <datafield tag="505" ind1=" " ind2=" ">
    <subfield code="a">v. 1. Monologion, Proslogion, Debate with Gaunilo, and a Meditation on human redemption -- v. 2. Philosophical fragments. De Grammatico. On truth. Freedom of choice. The fall of the devil. The harmony of the foreknowledge, the predestination, and the grace of God with free choice -- v. 3. Two letters concerning Roscelin. the incarnation fo the word. Cur Deus homo. The virgin conception and original sin. The procession of the Holy Spirit. Three leters on the sacraments -- v. 4. Hermeneutical and textual problems in the complete treatises of St. Anselm.</subfield>
  </datafield>
  <datafield tag="650" ind1=" " ind2=" ">
    <subfield code="a">Anselm, -- Saint, Archbishop of Canterbury, -- 1033-1109 -- Translations into English.Catholic Church.Philosophy, Medieval.</subfield>
  </datafield>
  <datafield tag="700" ind1=" " ind2=" ">
    <subfield code="a">Hopkins, Jasper </subfield>
  </datafield>
  <datafield tag="952" ind1=" " ind2=" ">
    <subfield code="0">0</subfield>
    <subfield code="1">0</subfield>
    <subfield code="4">0</subfield>
    <subfield code="7">0</subfield>
    <subfield code="a">GETS</subfield>
    <subfield code="b">GETS</subfield>
    <subfield code="c"> GEN</subfield>
    <subfield code="d">2022-09-21</subfield>
    <subfield code="g">24.50</subfield>
    <subfield code="l">0</subfield>
    <subfield code="o">B765.A82 .E54 1974-1976 v.3</subfield>
    <subfield code="p">00027636</subfield>
    <subfield code="r">2022-09-21 00:00:00</subfield>
    <subfield code="w">2022-09-21</subfield>
    <subfield code="y">BK</subfield>
  </datafield>
  <datafield tag="999" ind1=" " ind2=" ">
    <subfield code="c">41717</subfield>
    <subfield code="d">41717</subfield>
  </datafield>
</record>
